The New Waterfront (Record no. 115357)

MARC details
000 -LEADER
fixed length control field 01600cad a22002535a 4500
001 - CONTROL NUMBER
control field L158517
008 - FIXED-LENGTH DATA ELEMENTS--GENERAL INFORMATION
fixed length control field 131031s2015 xxk f f 001 0 eng d
035 ## - SYSTEM CONTROL NUMBER
System control number (Sirsi) u158517
041 0# - LANGUAGE CODE
Language code of text/sound track or separate title eng
110 2# - MAIN ENTRY--CORPORATE NAME
Corporate name or jurisdiction name as entry element Royal Institution of Chartered Surveyors
9 (RLIN) 4900
245 04 - TITLE STATEMENT
Title The New Waterfront
Remainder of title Who Benefits?
Medium [electronic resource]
260 ## - PUBLICATION, DISTRIBUTION, ETC.
Place of publication, distribution, etc. London
Name of publisher, distributor, etc. RICS
Date of publication, distribution, etc. 2015
490 #0 - SERIES STATEMENT
Series statement RICS Research
520 ## - SUMMARY, ETC.
Summary, etc. Sets out to review the current state of urban waterfront regeneration in the context of neoliberal urbanism and city competitiveness. It examines current trends, themes and issues in waterfront regeneration and assesses who benefits from such initiatives, through four case studies in the waterfront areas of Belfast- Northern Ireland, Liverpool - England, Cardiff- Wales and Dublin- Republic of Ireland. Includes an analysis of the economic and social benefits of the scheme to nearby disadvantaged areas and to the cities as a whole. It considers whether the research evidence points towards a new stage in waterfront development- the restructured ?competitive waterfront and it finally makes practical recommendations for the future of such development at a time of economic retrenchment.
650 24 - SUBJECT ADDED ENTRY--TOPICAL TERM
Topical term or geographic name entry element MIXED-USE DEVELOPMENTS
651 #4 - SUBJECT ADDED ENTRY--GEOGRAPHIC NAME
Geographic name United Kingdom
690 ## - LOCAL SUBJECT ADDED ENTRY--TOPICAL TERM (OCLC, RLIN)
Topical term or geographic name as entry element Planning and development
9 (RLIN) 6259
700 1# - ADDED ENTRY--PERSONAL NAME
Personal name Muir, Jenny
700 1# - ADDED ENTRY--PERSONAL NAME
Personal name Boland, Philip
700 1# - ADDED ENTRY--PERSONAL NAME
Personal name McKnight, Martina
700 1# - ADDED ENTRY--PERSONAL NAME
Personal name Bronte, John
856 40 - ELECTRONIC LOCATION AND ACCESS
Uniform Resource Identifier <a href="https://www.propertyresearchtrust.org/uploads/1/3/4/8/134819607/the_new_waterfront.pdf">https://www.propertyresearchtrust.org/uploads/1/3/4/8/134819607/the_new_waterfront.pdf</a>
Public note Available from the Property Research Trust
942 ## - ADDED ENTRY ELEMENTS (KOHA)
Suppress in OPAC 0
Source of classification or shelving scheme Dewey Decimal Classification
Holdings
Withdrawn status Lost status Damaged status Not for loan Home library Current library Shelving location Date acquired Total Checkouts Full call number Barcode Date last seen Copy number Price effective from Koha item type
        Virtual Virtual Online 08/04/2015   SCAN 158517-2001 02/02/2024 1 06/08/2019 Online material